Phương phaÌp nghiên cưÌu Khoa hoÌ£c giaÌo duÌ£c TaÌ€i liêÌ£u duÌ€ng cho caÌc trươÌ€ng ĐaÌ£i hoÌ£c vaÌ€ Cao đẳng sư phaÌ£m
Trang biÌ€a ghi: taÌ€i liêÌ£u biên soaÌ£n theo chương triÌ€nh chi tiêÌt đã đươÌ£c VuÌ£ ĐaÌ£i hoÌ£c thông qua; GiơÌi thiêÌ£u caÌc phương phaÌp luâÌ£n nghiên cưÌu khoa hoÌ£c môn Khoa hoÌ£c GiaÌo duÌ£c bao gôÌ€m caÌc nôÌ£i dung: phương phaÌp luâÌ...
Đã lưu trong:
| 主要作者: | |
|---|---|
| 格式: | 圖書 |
| 語言: | Undetermined |
| 出版: |
H.
[Knxb]
1995
|
| 主題: | |
| 在線閱讀: | http://lrc.tdmu.edu.vn/opac/search/detail.asp?aID=2&ID=7120 |
| 標簽: |
添加標簽
沒有標簽, 成為第一個標記此記錄!
|
| Thư viện lưu trữ: | Trung tâm Học liệu Trường Đại học Thủ Dầu Một |
|---|
| LEADER | 01804nam a2200217Ia 4500 | ||
|---|---|---|---|
| 001 | TDMU_7120 | ||
| 008 | 210410s9999 xx 000 0 und d | ||
| 082 | |a 370.7 | ||
| 090 | |b PH112 | ||
| 100 | |a PhaÌ£m, ViêÌt VươÌ£ng | ||
| 245 | 0 | |a Phương phaÌp nghiên cưÌu Khoa hoÌ£c giaÌo duÌ£c | |
| 245 | 0 | |b TaÌ€i liêÌ£u duÌ€ng cho caÌc trươÌ€ng ĐaÌ£i hoÌ£c vaÌ€ Cao đẳng sư phaÌ£m | |
| 245 | 0 | |c PTS. PhaÌ£m, ViêÌt VươÌ£ng | |
| 260 | |a H. | ||
| 260 | |b [Knxb] | ||
| 260 | |c 1995 | ||
| 300 | |a 102tr. | ||
| 520 | |a Trang biÌ€a ghi: taÌ€i liêÌ£u biên soaÌ£n theo chương triÌ€nh chi tiêÌt đã đươÌ£c VuÌ£ ĐaÌ£i hoÌ£c thông qua; GiơÌi thiêÌ£u caÌc phương phaÌp luâÌ£n nghiên cưÌu khoa hoÌ£c môn Khoa hoÌ£c GiaÌo duÌ£c bao gôÌ€m caÌc nôÌ£i dung: phương phaÌp luâÌ£n nghiên cưÌu khoa hoÌ£c giaÌo duÌ£c; phân loaÌ£i khoa hoÌ£c; nghiên cưÌu khoa hoÌ£c; cơ sở phương phaÌp luâÌ£n nghiên cưÌu khoa hoÌ£c; logic tiêÌn haÌ€nh môÌ£t công triÌ€nh nghiên cưÌu khoa hoÌ£c giaÌo duÌ£c; vaÌ€ vâÌn đêÌ€ đaÌnh giaÌ môÌ£t công triÌ€nh nghiên cưÌu khoa hoÌ£c giaÌo duÌ£c | ||
| 650 | |a GiaÌo duÌ£c hoÌ£c; GiaÌo duÌ£c; Khoa hoÌ£c giaÌo duÌ£c; Nghiên cưÌu khoa hoÌ£c; Phương phaÌp; Phương phaÌp nghiên cưÌu khoa hoÌ£c | ||
| 856 | |u http://lrc.tdmu.edu.vn/opac/search/detail.asp?aID=2&ID=7120 | ||
| 980 | |a Trung tâm Học liệu Trường Đại học Thủ Dầu Một | ||